Born to run / (Record no. 4695)
[ view plain ]
| 000 -LEADER | |
|---|---|
| fixed length control field | 01948nam a22002657a 4500 |
| 001 - CONTROL NUMBER | |
| control field | 4695 |
| 003 - CONTROL NUMBER IDENTIFIER | |
| control field | FISKH |
| 005 - DATE AND TIME OF LATEST TRANSACTION | |
| control field | 20240923092909.0 |
| 008 - FIXED-LENGTH DATA ELEMENTS--GENERAL INFORMATION | |
| fixed length control field | 240923b cb ||||| |||| 00| 0 eng d |
| 020 ## - INTERNATIONAL STANDARD BOOK NUMBER | |
| International Standard Book Number | 9780007230594 |
| 040 ## - CATALOGING SOURCE | |
| Original cataloging agency | FISKH |
| Language of cataloging | eng |
| Transcribing agency | FISKH |
| Modifying agency | FISKH |
| 050 ## - LIBRARY OF CONGRESS CALL NUMBER | |
| Classification number | PZ7.M82712 |
| 082 ## - DEWEY DECIMAL CLASSIFICATION NUMBER | |
| Edition number | 823.914 |
| 100 ## - MAIN ENTRY--PERSONAL NAME | |
| Personal name | Morpurgo, Michael |
| Dates associated with a name | 1943- |
| 245 ## - TITLE STATEMENT | |
| Title | Born to run / |
| Statement of responsibility, etc. | Michael morpurgo Illustrated by Michael Foreman |
| 250 ## - EDITION STATEMENT | |
| Edition statement | 2007 |
| 260 ## - PUBLICATION, DISTRIBUTION, ETC. | |
| Place of publication, distribution, etc. | London : |
| Name of publisher, distributor, etc. | Harper Collins, |
| Date of publication, distribution, etc. | 2007. |
| 300 ## - PHYSICAL DESCRIPTION | |
| Extent | 251 pages : |
| Other physical details | illustrations ; |
| Dimensions | 20cm |
| 520 ## - SUMMARY, ETC. | |
| Summary, etc. | Joy and heartbreak combine in this bittersweet tale of a champion greyhound's journey through life - and from owner to owner... "The sack wasn't just drifting gently along like everything else, it was turning of its own accord. There was definitely something inside it, struggling against the side of the plastic bag, kicking at it, squeaking and squealing in terror. He had no idea what it might be, only that it was alive and in danger of drowning." When Patrick saves a litter of greyhound puppies from the canal, he can't bear to hand them all over to the RSPCA. He pleads with his parents: couldn't he just keep one of them? But nothing will convince them and Patrick cries himself to sleep - only to be woken by a greyhound puppy licking his face! Patrick christens his puppy Best Mate, and that's what he becomes. Patrick's favourite thing is to watch Best Mate running at full stretch on the heath, a speeding bullet, a cheetah-dog. Until one day Best Mate is kidnapped by a greyhound trainer, and begins a new life as a champion race dog. Suzie, the greyhound trainer's step-daughter, loves Best Mate on first sight and gives him a new name, Bright Eyes. But what will happen when he can't run any more? |
| 650 ## - SUBJECT ADDED ENTRY--TOPICAL TERM | |
| Source of heading or term | Animals |
| Topical term or geographic name entry element | Greyhound |
| Form subdivision | Dogs - Fiction |
| 650 ## - SUBJECT ADDED ENTRY--TOPICAL TERM | |
| Source of heading or term | Friendship |
| Topical term or geographic name entry element | Young adult |
| 700 ## - ADDED ENTRY--PERSONAL NAME | |
| Personal name | Foreman, Michael |
| Dates associated with a name | Illustrator |
| 942 ## - ADDED ENTRY ELEMENTS (KOHA) | |
| Source of classification or shelving scheme | Dewey Decimal Classification |
| Koha item type | Books |
| Suppress in OPAC | No |
| Withdrawn status | Lost status | Source of classification or shelving scheme | Damaged status | Not for loan | Home library | Current library | Shelving location | Date acquired | Total Checkouts | Full call number | Barcode | Date last seen | Copy number | Price effective from | Koha item type |
|---|---|---|---|---|---|---|---|---|---|---|---|---|---|---|---|
| Dewey Decimal Classification | Footprints International School Library Network Toul Kork Campus | Footprints International School Library Network Toul Kork Campus | TTP Secondary Fiction Bookshelves | 09/23/2024 | MOR 823.914 PZ7.M82712 | 2024-2056 | 09/23/2024 | 1 | 09/23/2024 | Books |
